Business law
| Main Author: | Abbott, Keith |
|---|---|
| Other Authors: | Wardman, Kevin, Pendlebury, N |
| Published: |
London:
Continuum,
2002.
|
| Subjects: |
| LEADER | 00508cam a2200169 7i4500 | ||
|---|---|---|---|
| 001 | 0000006533 | ||
| 005 | 20160525090000.0 | ||
| 020 | |a 0826458602 (pbk) | ||
| 090 | 0 | 0 | |a KD1629 |b .A26 2002 |
| 100 | 1 | |a Abbott, Keith | |
| 245 | 1 | 0 | |a Business law |c Keith Abbott, Norman Pendlebury, Kevin Wardman. |
| 260 | |a London: |b Continuum, |c 2002. | ||
| 300 | |a xx, 724 p.; |c 24 cm. | ||
| 504 | |a Includes bibliographical references and index | ||
| 650 | 0 | 0 | |a Business law -- |z England |
| 700 | 1 | |a Wardman, Kevin | |
| 700 | 1 | |a Pendlebury, N | |


